RICS UK Economic Brief - August 2003 (Record no. 73264)

MARC details
000 -LEADER
fixed length control field 01221cam a2200241 4500
001 - CONTROL NUMBER
control field WB3931-14
008 - FIXED-LENGTH DATA ELEMENTS--GENERAL INFORMATION
fixed length control field 030821n2003 000 0 eng u
035 ## - SYSTEM CONTROL NUMBER
System control number (Sirsi) u123330
245 ## - TITLE STATEMENT
Title RICS UK Economic Brief - August 2003
260 ## - PUBLICATION, DISTRIBUTION, ETC.
Date of publication, distribution, etc. 2003
490 ## - SERIES STATEMENT
Series statement RICS UK Economic Brief
Volume/sequential designation August 2003, 1-8(8)
520 ## - SUMMARY, ETC.
Summary, etc. The August brief published by the RICS Policy Unit shows the UK economy rebounding mildly during the second quarter with a benign inflation outlook likely to keep interest rates on hold to the end of the year. Reviews the commercial property, construction and residential property markets. Commercial property rents are expected to fall 1.2% this year before recovering modestly in 2004. Private housing starts have strengthened in the second quarter and house price data indicate that the market continues to demonstrate modest strength in the simmer months.
590 ## - LOCAL NOTE (RLIN)
Local note WB
650 ## - SUBJECT ADDED ENTRY--TOPICAL TERM
Topical term or geographic name entry element RICS UK ECONOMIC BRIEF
650 ## - SUBJECT ADDED ENTRY--TOPICAL TERM
Topical term or geographic name entry element COMMERCIAL RENTS
650 ## - SUBJECT ADDED ENTRY--TOPICAL TERM
Topical term or geographic name entry element INTEREST RATES
650 ## - SUBJECT ADDED ENTRY--TOPICAL TERM
Topical term or geographic name entry element PROPERTY-COMMERCIAL PROPERTY-COMMERCIAL PROPERTY MARKET
650 ## - SUBJECT ADDED ENTRY--TOPICAL TERM
Topical term or geographic name entry element CONSTRUCTION MARKET
650 ## - SUBJECT ADDED ENTRY--TOPICAL TERM
Topical term or geographic name entry element RESIDENTIAL PROPERTY MARKET
650 ## - SUBJECT ADDED ENTRY--TOPICAL TERM
Topical term or geographic name entry element ECONOMY
690 ## - LOCAL SUBJECT ADDED ENTRY--TOPICAL TERM (OCLC, RLIN)
Topical term or geographic name as entry element ECONOMIC ISSUES
942 ## - ADDED ENTRY ELEMENTS (KOHA)
Suppress in OPAC 0
Holdings
Withdrawn status Lost status Source of classification or shelving scheme Damaged status Not for loan Home library Current library Shelving location Date acquired Total Checkouts Full call number Barcode Date last seen Copy number Price effective from Koha item type
    Dewey Decimal Classification     London London Journal article 21/08/2003   WB3931-14 123330-1001 06/08/2019 1 06/08/2019 Journal article